[Event "Titled Tuesday intern op 12th May"]
[Site "Chess.com INT"]
[Date "2020.05.12"]
[Round "3"]
[White "Chakkravarthy, Deepan J"]
[Black "Vrolijk, Liam"]
[Result "0-1"]
[WhiteElo "2610"]
[BlackElo "2502"]
[PlyCount "132"]
[EventDate "2020.05.12"]
[EventType "swiss (blitz)"]
[EventRounds "10"]
[EventCountry "USA"]
[SourceTitle "EXT 2021"]
[Source "ChessBase"]
[SourceDate "2020.10.23"]
[SourceVersion "1"]
[SourceVersionDate "2020.10.23"]
[SourceQuality "1"]

1. e4 e5 2. Nf3 Nc6 3. Bc4 Bc5 4. c3 Nf6 5. 0-0 Nxe4 6. d4 exd4 7. cxd4 d5 8. dxc5 dxc4 9. Qe2 Qe7 10. Re1 f5 11. Qxc4 Be6 12. Qb5 0-0-0 13. Nc3 Qxc5 14. Qxc5 Nxc5 15. Bg5 Rde8 16. Red1 h6 17. Be3 Nd7 18. a3 Nb6 19. Bxb6 axb6 20. b4 Rd8 21. b5 Na5 22. Nd4 Rhe8 23. Rab1 g5 24. f4 Nc4 25. a4 Ne3 26. Rd2 gxf4 27. Nce2 f3 28. gxf3 Bc4 29. Nf4 Nd5 30. Nxd5 Rxd5 31. Kf2 Red8 32. Rbd1 f4 33. h4 c5 34. bxc6 bxc6 35. Ke1 Re8+ 36. Kf2 Red8 37. Ke1 c5 38. Nf5 Re8+ 39. Kf2 Rxf5 40. Rc1 Bd5 41. a5 Kb7 42. Rb2 Re6 43. Rxc5 Be4 44. Rxf5 Bxf5 45. Rb4 Bd3 46. axb6 Rxb6 47. Rxf4 Kc7 48. Rd4 Rd6 49. Rf4 Kd7 50. Kg3 Ke7 51. Rb4 Bg6 52. Kf4 Kf6 53. Ra4 Bf7 54. Ra5 Be6 55. Rb5 Rd4+ 56. Kg3 Rd5 57. Rb4 h5 58. Rf4+ Bf5 59. Rb4 Ke5 60. Rb6 Rd3 61. Rh6 Bg4 62. Kg2 Rxf3 63. Rg6 Ra3 64. Rg5+ Kf4 65. Rc5 Ra2+ 66. Kg1 Kg3 0-1

[Event "Titled Tuesday intern op 28th Apr"]
[Site "Chess.com INT"]
[Date "2020.04.28"]
[Round "1"]
[White "Chakkravarthy, Deepan J"]
[Black "Golubovskis, Maksims"]
[Result "1-0"]
[WhiteElo "2604"]
[BlackElo "2062"]
[PlyCount "45"]
[EventDate "2020.04.28"]
[EventType "swiss (blitz)"]
[EventRounds "10"]
[EventCountry "USA"]
[SourceTitle "EXT 2021"]
[Source "ChessBase"]
[SourceDate "2020.10.23"]
[SourceVersion "1"]
[SourceVersionDate "2020.10.23"]
[SourceQuality "1"]

1. Nf3 Nf6 2. g3 b5 3. Bg2 Bb7 4. 0-0 e6 5. d3 c5 6. a4 b4 7. Nbd2 d5 8. e4 Be7 9. e5 Nfd7 10. Re1 0-0 11. Nf1 Nc6 12. h4 a5 13. N1h2 Qc7 14. Bf4 Nb6 15. h5 d4 16. h6 g6 17. Ng4 Nd5 18. Bg5 Qd8 19. Qd2 Rc8 20. Bxe7 Qxe7 21. Ng5 Ne3 22. Nf6+ Kh8 23. fxe3 1-0

[Event "Titled Tuesday intern op 28th Apr"]
[Site "Chess.com INT"]
[Date "2020.04.28"]
[Round "3"]
[White "Perunovic, Milos"]
[Black "Chakkravarthy, Deepan J"]
[Result "1-0"]
[WhiteElo "2585"]
[BlackElo "2601"]
[PlyCount "65"]
[EventDate "2020.04.28"]
[EventType "swiss (blitz)"]
[EventRounds "10"]
[EventCountry "USA"]
[SourceTitle "EXT 2021"]
[Source "ChessBase"]
[SourceDate "2020.10.23"]
[SourceVersion "1"]
[SourceVersionDate "2020.10.23"]
[SourceQuality "1"]

1. e4 c5 2. Nf3 d6 3. d4 cxd4 4. Nxd4 Nf6 5. Nc3 a6 6. Bg5 Nc6 7. Bxf6 gxf6 8. Be2 e6 9. 0-0 Bd7 10. Kh1 b5 11. f4 Qb6 12. Nb3 b4 13. Nb1 a5 14. a4 h5 15. N1d2 h4 16. Nc4 Qc7 17. Qd3 Rd8 18. Rad1 Bc8 19. f5 Be7 20. fxe6 fxe6 21. Qe3 h3 22. g3 Bb7 23. Bg4 Kf7 24. Bf3 Ba6 25. Be2 Bxc4 26. Bxc4 Ne5 27. Be2 Rc8 28. Nd4 Qc5 29. Qb3 Nc4 30. Bg4 f5 31. Bxf5 Ke8 32. Bxe6 Qe5 33. Bxc8 1-0

[Event "Titled Tuesday intern op 21st April"]
[Site "Chess.com INT"]
[Date "2020.04.21"]
[Round "6"]
[White "Chakkravarthy, Deepan J"]
[Black "Eljanov, Pavel"]
[Result "1/2-1/2"]
[WhiteElo "2651"]
[BlackElo "2672"]
[PlyCount "76"]
[EventDate "2020.04.21"]
[EventType "swiss (blitz)"]
[EventRounds "10"]
[EventCountry "USA"]
[SourceTitle "EXT 2021"]
[Source "ChessBase"]
[SourceDate "2020.10.23"]
[SourceVersion "1"]
[SourceVersionDate "2020.10.23"]
[SourceQuality "1"]

1. e4 c6 2. d4 d5 3. e5 Bf5 4. h4 h5 5. Bd3 Bxd3 6. Qxd3 Qa5+ 7. c3 e6 8. Ne2 c5 9. 0-0 Nc6 10. Be3 Nh6 11. Nd2 Nf5 12. Nf3 Be7 13. g3 cxd4 14. Nexd4 Ncxd4 15. Nxd4 g6 16. a4 a6 17. Kg2 Qc7 18. Nf3 Rc8 19. a5 Qc4 20. Qd2 Qe4 21. Bf4 Rc4 22. Rh1 d4 23. Rhe1 Qc6 24. cxd4 Nxd4 25. Qd3 0-0 26. b3 Rc3 27. Qxd4 Qxf3+ 28. Kg1 Rxb3 29. Rab1 Rd8 30. Qc4 Rxb1 31. Rxb1 Kg7 32. Qc7 Bxh4 33. gxh4 Qxf4 34. Qxd8 Qg4+ 35. Kf1 Qc4+ 36. Kg1 Qg4+ 37. Kf1 Qc4+ 38. Kg1 Qg4+ 1/2-1/2

[Event "Titled Tuesday intern op 21st April"]
[Site "Chess.com INT"]
[Date "2020.04.21"]
[Round "3"]
[White "Chakkravarthy, Deepan J"]
[Black "Teja, Ravi"]
[Result "1-0"]
[WhiteElo "2636"]
[BlackElo "1487"]
[PlyCount "135"]
[EventDate "2020.04.21"]
[EventType "swiss (blitz)"]
[EventRounds "10"]
[EventCountry "USA"]
[SourceTitle "EXT 2021"]
[Source "ChessBase"]
[SourceDate "2020.10.23"]
[SourceVersion "1"]
[SourceVersionDate "2020.10.23"]
[SourceQuality "1"]

1. Nf3 d5 2. g3 Nf6 3. Bg2 g6 4. 0-0 Bg7 5. d4 0-0 6. c4 c6 7. Nc3 Ne4 8. a4 Bf5 9. a5 Nxc3 10. bxc3 Be4 11. Qb3 Qc8 12. Ba3 Re8 13. Nd2 Bxg2 14. Kxg2 e5 15. e3 Na6 16. cxd5 cxd5 17. Qxd5 Qxc3 18. Ne4 Qc6 19. Qxc6 bxc6 20. Nd6 Re6 21. dxe5 Bxe5 22. Rad1 Rd8 23. Nc4 Bc7 24. Rxd8+ Bxd8 25. Rd1 Be7 26. Rd7 Bxa3 27. Rxa7 c5 28. Nxa3 Nb4 29. Nc4 h5 30. h4 Kg7 31. Rc7 Na6 32. Ra7 Nb4 33. Nb6 Nc6 34. Rc7 Nxa5 35. Rxc5 Rxb6 36. Rxa5 Rb2 37. Ra6 Rb4 38. Kf3 Rb2 39. Rd6 Ra2 40. Rd4 Rb2 41. Rd5 Ra2 42. e4 Rb2 43. Ke3 Ra2 44. Rd2 Ra3+ 45. Kf4 Rb3 46. f3 Ra3 47. Rd5 Rb3 48. g4 hxg4 49. Kxg4 Rb1 50. h5 Rg1+ 51. Kf4 gxh5 52. Rxh5 Ra1 53. Rb5 Rf1 54. Kg4 Rf2 55. f4 Rf1 56. Rb6 Re1 57. e5 Re2 58. Kf5 Re1 59. Rb7 Re2 60. Re7 Kf8 61. Kf6 Rh2 62. Rxf7+ Ke8 63. Ra7 Rh6+ 64. Kf5 Rb6 65. Kg5 Rb1 66. f5 Rb6 67. e6 Rc6 68. Kf6 1-0

[Event "Titled Tuesday intern op 2nd April"]
[Site "Chess.com INT"]
[Date "2019.04.02"]
[Round "9"]
[White "Andreikin, Dmitry"]
[Black "Chakkravarthy, Deepan J"]
[Result "1-0"]
[WhiteElo "2721"]
[BlackElo "2710"]
[PlyCount "43"]
[EventDate "2019.04.02"]
[EventType "swiss (blitz)"]
[EventRounds "10"]
[EventCountry "USA"]
[SourceTitle "EXT 2021"]
[Source "ChessBase"]
[SourceDate "2020.10.23"]
[SourceVersion "1"]
[SourceVersionDate "2020.10.23"]
[SourceQuality "1"]

1. e4 c5 2. Nf3 d6 3. d4 cxd4 4. Nxd4 Nf6 5. Nc3 a6 6. h4 e5 7. Nb3 Be7 8. Be2 b5 9. g4 Bb7 10. Bf3 b4 11. Nd5 Bxd5 12. exd5 h6 13. g5 hxg5 14. hxg5 Rxh1+ 15. Bxh1 Nfd7 16. Qh5 g6 17. Qh8+ Nf8 18. Nc5 Nbd7 19. Ne6 fxe6 20. dxe6 Nc5 21. Bc6+ Ncd7 22. Bxd7+ 1-0

[Event "Titled Tuesday intern op 2nd April"]
[Site "Chess.com INT"]
[Date "2019.04.02"]
[Round "5"]
[White "Chakkravarthy, Deepan J"]
[Black "Kovalev, Denis"]
[Result "1-0"]
[WhiteElo "2684"]
[BlackElo "2496"]
[PlyCount "79"]
[EventDate "2019.04.02"]
[EventType "swiss (blitz)"]
[EventRounds "10"]
[EventCountry "USA"]
[SourceTitle "EXT 2021"]
[Source "ChessBase"]
[SourceDate "2020.10.23"]
[SourceVersion "1"]
[SourceVersionDate "2020.10.23"]
[SourceQuality "1"]

1. Nf3 Nf6 2. g3 d5 3. Bg2 c6 4. 0-0 Bf5 5. d3 Nbd7 6. Nh4 Bg6 7. f4 e6 8. h3 Bd6 9. Qe1 d4 10. c3 c5 11. Bxb7 Rb8 12. Bg2 0-0 13. e4 dxe3 14. Nxg6 hxg6 15. Qxe3 Nd5 16. Qf2 Qc7 17. Na3 Rfd8 18. Nc4 Be7 19. g4 N5b6 20. f5 gxf5 21. gxf5 e5 22. Kh1 Nf6 23. Nxb6 axb6 24. Be4 c4 25. Rg1 cxd3 26. Qg2 Bf8 27. Bh6 Nxe4 28. Bxg7 Kh7 29. Bxf8 Nf2+ 30. Qxf2 Qc6+ 31. Kh2 Rxf8 32. f6 Qe4 33. Rg4 Qe2 34. Qxe2 dxe2 35. Rag1 e1Q 36. Rxe1 Rg8 37. Rxe5 Rxg4 38. hxg4 Kg6 39. g5 Rd8 40. Rb5 1-0